| 000 | 004520000a22001810004500 | ||
|---|---|---|---|
| 003 | MACL | ||
| 005 | 20151003152917.0 | ||
| 008 | 151003b xxu||||| |||| 00| 0 eng d | ||
| 040 |
_aMACL _cMACL |
||
| 041 | _aEnglish | ||
| 082 | _a910/PAL | ||
| 100 |
_aPal, Bachendri _913506 |
||
| 245 | _aEverest My Journey To The Top | ||
| 260 |
_bNatioal Book Trust _c1988 _aNew Delhi |
||
| 350 | _a5 | ||
| 650 |
_aGeography & Travel _913511 |
||
| 942 |
_cBK _k910 _2ddc |
||
| 999 |
_c5030 _d5030 |
||